000 00224 a2200085 4500
020 _a9789881470386
100 _a Sendpoints Publishing
245 _aHandmaking In Design
260 _bSendpoints Publishing Co. Ltd. (Editor)
_c2016
999 _c13541
_d13541